MARC details
| 000 -LEADER |
| fixed length control field |
02322nam a22003497a 4500 |
| 001 - CONTROL NUMBER |
| control field |
101801 |
| 003 - CONTROL NUMBER IDENTIFIER |
| control field |
KnowledgeUnlatched |
| 005 - DATE AND TIME OF LATEST TRANSACTION |
| control field |
20210303105301.0 |
| 006 - FIXED-LENGTH DATA ELEMENTS--ADDITIONAL MATERIAL CHARACTERISTICS |
| fixed length control field |
m o d |
| 007 - PHYSICAL DESCRIPTION FIXED FIELD--GENERAL INFORMATION |
| fixed length control field |
cr u|||||||||| |
| 008 - FIXED-LENGTH DATA ELEMENTS--GENERAL INFORMATION |
| fixed length control field |
210129p20132018mau o u00| u eng d |
| 037 ## - SOURCE OF ACQUISITION |
| Institution to which field applies |
BiblioBoard |
| 020 ## - INTERNATIONAL STANDARD BOOK NUMBER |
| International Standard Book Number |
9781618116758 |
| 029 1# - OTHER SYSTEM CONTROL NUMBER (OCLC) |
| OCLC library identifier |
https://library.biblioboard.com/ext/api/media/c78c7390-aec9-44c7-90d8-4babae42adc5/assets/thumbnail.jpg |
| 040 ## - CATALOGING SOURCE |
| Original cataloging agency |
ScCtBLL |
| Transcribing agency |
ScCtBLL |
| 100 1# - MAIN ENTRY--PERSONAL NAME |
| Personal name |
Morson, Gary Saul |
| Relator term |
author. |
| 245 00 - TITLE STATEMENT |
| Title |
Prosaics and Other Provocations |
| Remainder of title |
Empathy, Open Time, and the Novel / |
| Statement of responsibility, etc. |
Gary Saul Morson. |
| 264 #1 - PRODUCTION, PUBLICATION, DISTRIBUTION, MANUFACTURE, AND COPYRIGHT NOTICE |
| Name of producer, publisher, distributor, manufacturer |
Academic Studies Press, |
| 300 ## - PHYSICAL DESCRIPTION |
| Extent |
1 online resource (301 p.) |
| 506 0# - RESTRICTIONS ON ACCESS NOTE |
| Terms governing access |
Access copy available to the general public. |
| Standardized terminology for access restriction |
Unrestricted |
| Source of term |
star |
| 520 ## - SUMMARY, ETC. |
| Summary, etc. |
Gary Saul Morson's ideas about life and literature have long inspired, annoyed, and provoked specialists and general readers. His work on prosaics (his coinage) argues that life's defining events are not grand but ordinary, and that the world's fundamental state is mess. Viewing time as a field of possibilities, he maintains that contingency and freedom are real. To represent open time, some masterpieces have developed an alternative to structure and require a prosaics of process. Morson's curmudgeonly alter ego, Alicia Chudo, invents the discipline of misanthropology, which explores human voices from voyeurism to violence. Reflecting on his legendarily popular courses, Morson argues that what literature teaches better than anything else is empathy. Himself an aphorist, Morson offers a witty approach to literature's shortest genres and to quotation in general. |
| 588 0# - SOURCE OF DESCRIPTION NOTE |
| Source of description note |
Description based on print version record. |
| 590 ## - LOCAL NOTE (RLIN) |
| Local note |
KU Open Services |
| 650 #7 - SUBJECT ADDED ENTRY--TOPICAL TERM |
| Topical term or geographic name entry element |
Literary Criticism / Russian & Former Soviet Union |
| Source of heading or term |
bisacsh |
| 650 #0 - SUBJECT ADDED ENTRY--TOPICAL TERM |
| Topical term or geographic name entry element |
Literature |
| General subdivision |
History and criticism |
| 655 #0 - INDEX TERM--GENRE/FORM |
| Genre/form data or focus term |
Electronic books. |
| 758 ## - |
| -- |
Is found in: |
| -- |
Knowledge Unlatched |
| -- |
https://openresearchlibrary.org/module/2774bc74-146a-484f-a7ba-ab1d6a09bbfb |
| 856 40 - ELECTRONIC LOCATION AND ACCESS |
| Uniform Resource Identifier |
<a href="https://openresearchlibrary.org/content/c78c7390-aec9-44c7-90d8-4babae42adc5">https://openresearchlibrary.org/content/c78c7390-aec9-44c7-90d8-4babae42adc5</a> |
| Public note |
View this content on Open Research Library. |
| -- |
0 |